Green chemistry and engineering : a pathway to sustainability /

"Although many were skeptical of the green chemistry movement at first, it has become a multimillion-dollar business. In preventing the creation of hazardous wastes, laboratories and corporations can save millions in clean up efforts and related health costs. This book supplies students with co...

Full description

Bibliographic Details
Main Author: Marteel-Parrish, Anne
Other Authors: Abraham, Martin A., 1961-
Format: eBook
Language:English
Published: Hoboken, New Jersey : Wiley, [2014]
Subjects:
Online Access:Connect to the full text of this electronic book

MARC

Tag First Indicator Second Indicator Subfields
LEADER 00000nam a2200000 i 4500
001 in00005689708
005 20260215000253.3
006 m o d
007 cr |||||||||||
008 130513s2014 nju ob 001 0 eng
010 |a  2013019490 
035 |a wil6005422 
035 |a (DLC)wil6005422 
040 |a DLC  |b eng  |e rda  |e pn  |c DLC 
020 |a 9781118720264  |q (epub) 
020 |a 1118720261  |q (epub) 
020 |a 9781118720240  |q (pdf) 
020 |a 1118720245  |q (pdf) 
020 |a 9781118720189  |q (mobi) 
020 |a 1118720180  |q (mobi) 
020 |a 9781118720011 
020 |a 1118720016 
020 |z 9780470413265  |q (hardback) 
020 |z 0470413263 
037 |a B7EA2F22-9FA9-49A1-A76B-C4EEC5855FE1  |b OverDrive, Inc.  |n http://www.overdrive.com 
042 |a pcc 
050 0 0 |a TP155.2.E58  |b M37 2014 
072 7 |a SCI  |x 013060  |2 bisacsh 
072 7 |a TEC  |x 009010  |2 bisacsh 
082 0 0 |a 660.6/3  |2 23 
084 |a SCI013040  |2 bisacsh 
100 1 |a Marteel-Parrish, Anne. 
245 1 0 |a Green chemistry and engineering :  |b a pathway to sustainability /  |c Anne Marteel-Parrish, Department of Chemistry, Washington College, Martin A. Abraham, College of Science, Technology, Engineering, and Mathematics Youngstown State University. 
264 1 |a Hoboken, New Jersey :  |b Wiley,  |c [2014] 
300 |a 1 online resource (xiv, 361 pages) 
336 |a text  |b txt  |2 rdacontent 
337 |a computer  |b c  |2 rdamedia 
338 |a online resource  |b cr  |2 rdacarrier 
520 |a "Although many were skeptical of the green chemistry movement at first, it has become a multimillion-dollar business. In preventing the creation of hazardous wastes, laboratories and corporations can save millions in clean up efforts and related health costs. This book supplies students with concepts commonly taught in undergraduate general chemistry and general engineering courses, but with a green perspective. It is unique in presenting an integrated discussion of green chemistry and engineering from first principles - not as an afterthought. Real-world examples show creative problem solving based on the latest issues"--  |c Provided by publisher. 
520 |a "This book presents the same concepts commonly taught in undergraduate general chemistry and general engineering courses (organic, inorganic, analytical, and biochemistry, with applications to environmental and materials science) but with a green perspective"--  |c Provided by publisher. 
504 |a Includes bibliographical references and index. 
588 0 |a Print version record. 
505 0 |a COVER; TITLE PAGE; COPYRIGHT PAGE; DEDICATION; PREFACE; 1 UNDERSTANDING THE ISSUES; 1.1 A BRIEF HISTORY OF CHEMISTRY; 1.2 TWENTY-FIRST CENTURY CHEMISTRY, aka GREEN CHEMISTRY; 1.3 LAYOUT OF THE BOOK; REFERENCES; 2 PRINCIPLES OF GREEN CHEMISTRY AND GREEN ENGINEERING; 2.1 INTRODUCTION; 2.2 GREEN CHEMISTRY; 2.3 GREEN ENGINEERING; 2.4 SUSTAINABILITY; REFERENCES; 3 CHEMISTRY AS AN UNDERLYING FORCE IN ECOSYSTEM INTERACTIONS; 3.1 NATURE AND THE ENVIRONMENT; 3.2 POLLUTION PREVENTION (P2); 3.3 ECOTOXICOLOGY; 3.4 ENVIRONMENTAL ASSESSMENT ANALYSIS; 3.5 WHAT CAN YOU DO TO MAKE A DIFFERENCE?; REFERENCES. 
505 8 |a 4 matter: the heart of green chemistry4.1 matter: definition, classification, and the periodic table; 4.2 atomic structure; 4.3 three states of matter; 4.4 molecular and ionic compounds; 4.5 chemical reactions; 4.6 mixtures, acids, and bases; references; 5 chemical reactions; 5.1 definition of chemical reactions and balancing of chemical equations; 5.2 chemical reactions and quantities of reactants and products; 5.3 patterns of chemical reactions; 5.4 effectiveness and efficiency of chemical reactions: yield versus atom economy; reference; 6 kinetics, catalysis, and reaction engineering. 
505 8 |a 6.1 basic concept of rate6.2 role of industrial and biological catalysts; 6.3 reaction engineering; 6.4 summary; references; 7 thermodynamics, separations, and equilibrium; 7.1 ideal gases; 7.2 the first law of thermodynamics; 7.3 ideal gas calculations; 7.4 entropy and the second law of thermodynamics; 7.5 real gas properties; 7.6 the phase diagram; 7.7 equilibrium; 7.8 solubility of a gas in a liquid; 7.9 solubility of a solid in a liquid; 7.10 summary; references; 8 renewable materials; 8.1 introduction; 8.2 renewable feedstocks; 8.3 applications of renewable materials; 8.4 conclusion. 
505 8 |a 10.5 incorporation of green chemistry in process design for sustainability10.6 case studies demonstrating the economic benefits of green chemistry and design; 10.7 summary; references; 11 green chemistry and toxicology; 11.1 introduction; 11.2 fundamental principles of toxicology; 11.3 identifying chemicals of concern; 11.4 toxicology data; 11.5 computational toxicology and green chemistry; 11.6 applications of toxicology into green chemistry initiatives; 11.7 future perspectives; references; index. 
650 0 |a Green chemistry. 
655 4 |a Electronic books. 
700 1 |a Abraham, Martin A.,  |d 1961- 
776 0 8 |i Print version:  |a Marteel-Parrish, Anne.  |t Green chemistry and engineering.  |d Hoboken, New Jersey : Wiley, [2014]  |z 9780470413265  |w (DLC) 2013011104 
856 4 0 |u http://proxy.library.tamu.edu/login?url=https://onlinelibrary.wiley.com/book/10.1002/9781118720011  |z Connect to the full text of this electronic book  |t 0 
955 |a Wiley EBA record 
975 |p Wiley UBCM Full Collection 
976 |a 6005422 
999 f f |i f5ff7cf6-5965-4d75-b5ca-51162386b885  |s 9ac29c3b-b53c-4ccf-8a8c-0baa980f9b3e  |t 0 
952 f f |a Texas A&M University  |b College Station  |c Electronic Resources  |s evans_pda  |d Available Online  |t 0  |e TP155.2.E58 M37 2014  |h Library of Congress classification 
998 f f |a TP155.2.E58 M37 2014  |t 0  |l Available Online